00346 a2200145 450000100060000002000150000604000220002110000220004324000430006524500380010830000080014636200090015444000130016365000240017658900 a8526249304 cAnchieta - Pituba aDelboni, Henrique10aGeografia para todos, 6ª sérielpor10aGeografia para todos, 6ª série a2150 a2003 1aScipione 4aGeografia e viagens